[Event "Benasque op 38th"]
[Site "Benasque"]
[Date "2018.07.06"]
[Round "2"]
[White "Forcen Esteban, Daniel"]
[Black "Sesma Rubio, Patxi"]
[Result "1-0"]
[WhiteElo "2567"]
[BlackElo "2157"]
[PlyCount "63"]
[EventDate "2018.07.05"]
[EventType "swiss"]
[EventRounds "10"]
[EventCountry "ESP"]
[SourceTitle "CBM 185 Extra"]
[Source "ChessBase"]
[SourceDate "2018.07.29"]
[SourceVersion "1"]
[SourceVersionDate "2018.07.29"]
[SourceQuality "1"]

1. e4 e5 2. Bc4 Nf6 3. d3 Nc6 4. Nc3 Na5 5. Qf3 d6 6. h3 Nxc4 7. dxc4 c6 8. Bg5 Be7 9. Nge2 Nd7 10. Be3 Nc5 11. Qg3 Ne6 12. 0-0 Bh4 13. Qh2 Bf6 14. Rad1 Qc7 15. Rd2 0-0 16. Rfd1 Rd8 17. h4 b6 18. a4 Qe7 19. g3 g5 20. hxg5 Bxg5 21. f4 Bf6 22. Kf2 Nf8 23. f5 Ba6 24. b3 Bb7 25. Qh5 Bg7 26. g4 f6 27. Ng3 Rd7 28. Qh4 Rad8 29. g5 d5 30. exd5 Qb4 31. gxf6 Qxc3 32. Ne4 1-0

[Event "Euskadi-chT (Vasca) Div Honor"]
[Site "Bergara"]
[Date "2018.01.13"]
[Round "1.1"]
[White "Sesma Rubio, Patxi"]
[Black "Serras Uria, Antonio"]
[Result "1/2-1/2"]
[WhiteElo "2157"]
[BlackElo "2229"]
[PlyCount "112"]
[EventDate "2018.01.13"]
[EventType "team-tourn"]
[EventRounds "9"]
[EventCountry "ESP"]
[SourceTitle "EXT 2020"]
[Source "ChessBase"]
[SourceDate "2019.10.17"]
[SourceVersion "1"]
[SourceVersionDate "2019.10.17"]
[SourceQuality "1"]
[WhiteTeam "Santa Ana"]
[BlackTeam "Batalla"]
[WhiteTeamCountry "ESP"]
[BlackTeamCountry "ESP"]

1. d4 Nf6 2. c4 g6 3. Nc3 d5 4. Bf4 Bg7 5. Rc1 Nh5 6. Bg5 h6 7. Bh4 c5 8. dxc5 d4 9. Nd5 Nc6 10. Qd2 g5 11. Bg3 Nxg3 12. hxg3 e6 13. Nb4 Qe7 14. Nxc6 bxc6 15. b4 0-0 16. Nh3 e5 17. e4 a5 18. a3 axb4 19. axb4 Be6 20. f3 Ra3 21. Bd3 Rb8 22. 0-0 Qa7 23. Rc2 Bf8 24. f4 Bxh3 25. gxh3 Qd7 26. Kh2 f6 27. fxe5 fxe5 28. Be2 d3 29. Bg4 Qd4 30. Be6+ Kh8 31. Ra2 Rxa2 32. Qxa2 Bxc5 33. h4 d2 34. Bg4 Rf8 35. Rxf8+ Bxf8 36. Qa8 Qf2+ 37. Kh3 Qf1+ 38. Kh2 gxh4 39. gxh4 Qf4+ 40. Kh1 Qxe4+ 41. Kh2 Qf4+ 42. Kh1 Qf1+ 43. Kh2 Qf2+ 44. Kh3 Qf1+ 45. Kh2 Qf6 46. Kh3 Kg7 47. Qa7+ Be7 48. Qd7 Qxh4+ 49. Kg2 Qg5 50. Kg1 Qf4 51. Kg2 Qe4+ 52. Kh3 Qe3+ 53. Kg2 Qg5 54. Kf1 h5 55. Bxh5 Kh6 56. Bf3 Bxb4 1/2-1/2

[Event "Euskadi-chT (Vasca) Div 1st"]
[Site "Bergara"]
[Date "2017.02.04"]
[Round "4.2"]
[White "Sesma Rubio, Patxi"]
[Black "Villalta Bustillo, Igor"]
[Result "1/2-1/2"]
[WhiteElo "2165"]
[BlackElo "2213"]
[PlyCount "50"]
[EventDate "2017.01.14"]
[EventType "team-tourn"]
[EventRounds "9"]
[EventCountry "ESP"]
[SourceTitle "EXT 2024"]
[Source "ChessBase"]
[SourceDate "2023.10.10"]
[SourceVersion "1"]
[SourceVersionDate "2023.10.10"]
[SourceQuality "1"]

1. d4 d5 2. c4 e6 3. Nc3 Nf6 4. cxd5 exd5 5. Bg5 c6 6. Qc2 Be7 7. e3 Nbd7 8. Bd3 Nf8 9. Nf3 Ne6 10. Bh4 g6 11. Ne5 Ng7 12. f3 Nd7 13. Bg3 Nxe5 14. Bxe5 Bh4+ 15. Bg3 Bxg3+ 16. hxg3 Qg5 17. Qf2 Nf5 18. Bxf5 Bxf5 19. g4 Bd7 20. Ne2 0-0 21. Qh4 Qxh4+ 22. Rxh4 Rae8 23. Kd2 Re7 24. Rah1 f6 25. Rc1 Rfe8 1/2-1/2

[Event "Navarra-chT"]
[Site "Navarra"]
[Date "2016.10.15"]
[Round "2.1"]
[White "Martinez Ayesa, Aitor"]
[Black "Sesma Rubio, Patxi"]
[Result "0-1"]
[WhiteElo "2031"]
[BlackElo "2171"]
[PlyCount "116"]
[EventDate "2016.10.08"]
[EventType "team-tourn"]
[EventRounds "7"]
[EventCountry "ESP"]
[SourceTitle "CBM 175 Extra"]
[Source "ChessBase"]
[SourceDate "2016.12.12"]
[SourceVersion "1"]
[SourceVersionDate "2016.12.12"]
[SourceQuality "1"]
[WhiteTeam "Mikel Gurea"]
[BlackTeam "Santa Ana Siglo 21"]
[WhiteTeamCountry "ESP"]
[BlackTeamCountry "ESP"]

1. Nf3 d5 2. c4 c6 3. b3 Qb6 4. Qc2 d4 5. c5 Qc7 6. Nxd4 e5 7. Nf3 Na6 8. Bb2 f6 9. e3 Nxc5 10. d4 exd4 11. exd4 Ne6 12. Bc4 Bb4+ 13. Nc3 Ne7 14. 0-0 Bxc3 15. Bxc3 Nd5 16. Rfe1 0-0 17. Bb2 Bd7 18. Bd3 h6 19. Nh4 Nef4 20. Bh7+ Kh8 21. Ng6+ Nxg6 22. Bxg6 Be8 23. Ba3 Bxg6 24. Qxg6 Qf7 25. Qxf7 Rxf7 26. Re6 Rd7 27. Bc5 Kg8 28. a4 Kf7 29. Rae1 Rdd8 30. a5 b6 31. Ba3 Re8 32. Rxe8 Rxe8 33. Rxe8 Kxe8 34. axb6 axb6 35. Kf1 Nc3 36. Bb4 Nb5 37. Bd2 Nxd4 38. Be3 Nxb3 39. Bxb6 Nd2+ 40. Ke2 Nc4 41. Bc5 Ne5 42. f3 Kf7 43. Ke3 h5 44. h3 Ke6 45. Ke4 Nd7 46. Ba3 g5 47. g4 h4 48. f4 Nb6 49. fxg5 fxg5 50. Bc1 Kf6 51. Bb2+ Kg6 52. Bc1 Nd5 53. Bd2 Nf6+ 54. Kf3 c5 55. Ke3 c4 56. Kf3 Nd5 57. Ke4 c3 58. Bc1 Nf4 0-1

[Event "Navarra-chTA"]
[Site "Pamplona"]
[Date "2015.11.14"]
[Round "6.1"]
[White "Reinaldo Castineira, Roi"]
[Black "Sesma Rubio, Patxi"]
[Result "0-1"]
[WhiteElo "2499"]
[BlackElo "2149"]
[PlyCount "74"]
[EventDate "2015.10.10"]
[EventType "team-tourn"]
[EventRounds "7"]
[EventCountry "ESP"]
[SourceTitle "CBM 169 Extra"]
[Source "ChessBase"]
[SourceDate "2015.12.18"]
[SourceVersion "1"]
[SourceVersionDate "2015.12.18"]
[SourceQuality "1"]
[WhiteTeam "San Juan"]
[BlackTeam "Santa Ana"]
[WhiteTeamCountry "ESP"]
[BlackTeamCountry "ESP"]

1. d4 d5 2. c4 c6 3. Nf3 Nf6 4. Nc3 Bf5 5. e3 e6 6. Nh4 Be4 7. Qb3 Qc7 8. Nxe4 Nxe4 9. g3 Qa5+ 10. Ke2 Nd7 11. f3 dxc4 12. Qxc4 Qh5 13. Ke1 Nd6 14. Qe2 g5 15. Ng2 0-0-0 16. g4 Qg6 17. h4 f6 18. Qd3 Qf7 19. e4 Nb5 20. Qe3 Bb4+ 21. Bd2 Bxd2+ 22. Qxd2 Ne5 23. Be2 Nxd4 24. Qc3 Qc7 25. Rh3 Nxe2 26. Kxe2 Rd3 27. Qc2 Rhd8 28. Ne1 R3d4 29. hxg5 Ng6 30. Kf1 fxg5 31. Qc5 Nf4 32. Rh2 Nd3 33. Nxd3 Qxh2 34. Nf2 Rd2 35. Qxa7 R8d4 36. Qa8+ Kc7 37. Qa5+ Kb8 0-1

[Event "Navarra-chTA"]
[Site "Pamplona"]
[Date "2015.10.17"]
[Round "2.1"]
[White "Insausti Goni, Sebastian"]
[Black "Sesma Rubio, Patxi"]
[Result "0-1"]
[WhiteElo "1885"]
[BlackElo "2149"]
[PlyCount "48"]
[EventDate "2015.10.10"]
[EventType "team-tourn"]
[EventRounds "7"]
[EventCountry "ESP"]
[SourceTitle "CBM 169 Extra"]
[Source "ChessBase"]
[SourceDate "2015.12.18"]
[SourceVersion "1"]
[SourceVersionDate "2015.12.18"]
[SourceQuality "1"]
[WhiteTeam "Arrano Elkartea"]
[BlackTeam "Santa Ana"]
[WhiteTeamCountry "ESP"]
[BlackTeamCountry "ESP"]

1. e4 e5 2. f4 Bc5 3. Nf3 d6 4. Bc4 Nf6 5. Nc3 0-0 6. f5 d5 7. Bxd5 Nxd5 8. Nxd5 Bxf5 9. Qe2 c6 10. Nc3 Bg4 11. d3 Qb6 12. h3 Bxf3 13. Qxf3 Na6 14. Nd1 Nb4 15. Qe2 Rad8 16. a3 Qa5 17. Nc3 f5 18. Rb1 Na2 19. Bd2 Nxc3 20. Bxc3 Qb6 21. Bxe5 fxe4 22. Qg4 Bf2+ 23. Kd1 Rxd3+ 24. cxd3 Qb3+ 0-1

[Event "Benidorm op U2300 12th"]
[Site "Benidorm"]
[Date "2013.11.29"]
[Round "1"]
[White "Sesma Rubio, Patxi"]
[Black "De Lucas Bello, Federico"]
[Result "1-0"]
[WhiteElo "2146"]
[BlackElo "1946"]
[PlyCount "63"]
[EventDate "2013.11.29"]
[EventType "swiss"]
[EventRounds "10"]
[EventCountry "ESP"]
[SourceTitle "CBM 157 Extra"]
[Source "ChessBase"]
[SourceDate "2013.12.19"]
[SourceVersion "1"]
[SourceVersionDate "2013.12.19"]
[SourceQuality "1"]

1. c4 Nf6 2. g3 g6 3. Bg2 Bg7 4. Nc3 0-0 5. d3 d6 6. e4 Nc6 7. Nge2 a6 8. 0-0 Rb8 9. a4 e5 10. h3 h6 11. Be3 Kh7 12. Qd2 Na5 13. Rab1 c5 14. b4 cxb4 15. Rxb4 Nd7 16. Nd5 Nc5 17. Rfb1 Nc6 18. Bxc5 dxc5 19. Rb6 Ra8 20. Qe3 Nd4 21. Nxd4 cxd4 22. Qd2 Re8 23. Qb4 Bf8 24. c5 Kg7 25. f4 Be6 26. fxe5 Rc8 27. Rd6 Bxd6 28. exd6 Rb8 29. Qxd4+ f6 30. Nc7 Qd7 31. Nxe8+ Qxe8 32. e5 1-0

[Event "Navarra-chT Preferente"]
[Site "Navarra"]
[Date "2012.11.24"]
[Round "7.1"]
[White "Zamarbide Inarrea, Daniel"]
[Black "Sesma Rubio, Patxi"]
[Result "1/2-1/2"]
[WhiteElo "2192"]
[BlackElo "2140"]
[PlyCount "84"]
[EventDate "2012.10.13"]
[EventType "team"]
[EventRounds "7"]
[EventCountry "ESP"]
[SourceTitle "EXT 2014"]
[Source "ChessBase"]
[SourceDate "2013.11.20"]
[SourceVersion "1"]
[SourceVersionDate "2013.11.20"]
[SourceQuality "1"]
[WhiteTeam "Oberena"]
[BlackTeam "Santa Ana"]
[WhiteTeamCountry "ESP"]
[BlackTeamCountry "ESP"]

1. e4 e5 2. d4 exd4 3. Bc4 Nf6 4. Nf3 Nc6 5. Ng5 d5 6. exd5 Qe7+ 7. Kf1 Ne5 8. Qxd4 h6 9. Ne4 Nxe4 10. Qxe4 Nxc4 11. Qxc4 Qc5 12. Qxc5 Bxc5 13. Be3 Bd6 14. Nd2 0-0 15. Nc4 Be7 16. Bf4 b6 17. Ne3 Ba6+ 18. Ke1 Rac8 19. Rd1 Rfe8 20. Kd2 Bf6 21. Kc1 Re4 22. Bg3 h5 23. h4 g6 24. c3 Bb5 25. Rde1 a5 26. f3 Re7 27. d6 cxd6 28. Nd5 Rxe1+ 29. Rxe1 Bd8 30. Bxd6 Bxh4 31. Rd1 Be2 32. Rd2 Ba6 33. g3 Bg5 34. f4 Bd8 35. Be7 Kg7 36. Bxd8 Rxd8 37. Nxb6 Re8 38. c4 Re3 39. c5 Rxg3 40. c6 h4 41. Rh2 h3 42. Rh1 Re3 1/2-1/2

[Event "Navarra-chT Preferente"]
[Site "Navarra"]
[Date "2012.11.17"]
[Round "6.1"]
[White "Sesma Rubio, Patxi"]
[Black "Cortes Bueno, Jesus Javier"]
[Result "1/2-1/2"]
[WhiteElo "2140"]
[BlackElo "2218"]
[PlyCount "101"]
[EventDate "2012.10.13"]
[EventType "team"]
[EventRounds "7"]
[EventCountry "ESP"]
[SourceTitle "EXT 2014"]
[Source "ChessBase"]
[SourceDate "2013.11.20"]
[SourceVersion "1"]
[SourceVersionDate "2013.11.20"]
[SourceQuality "1"]
[WhiteTeam "Santa Ana"]
[BlackTeam "Nuevo Casino"]
[WhiteTeamCountry "ESP"]
[BlackTeamCountry "ESP"]

1. c4 c5 2. g3 Nf6 3. Bg2 g6 4. Nc3 Bg7 5. Nf3 Nc6 6. d4 d6 7. 0-0 cxd4 8. Nxd4 Bd7 9. Nc2 0-0 10. Qd2 Qa5 11. Ne3 Rfc8 12. Ned5 Nxd5 13. Nxd5 Qxd2 14. Bxd2 e6 15. Nc3 Nd8 16. Bf4 Rxc4 17. Bxd6 Bxc3 18. bxc3 Rxc3 19. Rfd1 Bc6 20. Be5 Rc4 21. Bf6 Bxg2 22. Kxg2 Nc6 23. Rd7 b6 24. Rad1 Rc5 25. g4 h6 26. h4 Rc4 27. Kg3 Rc5 28. f4 Rc4 29. R1d6 Rc5 30. e4 Rc4 31. e5 Rc8 32. f5 gxf5 33. gxf5 exf5 34. e6 fxe6 35. Rg7+ Kf8 36. Rh7 Rg4+ 37. Kf3 e5 38. Kf2 e4 39. Rdd7 f4 40. Bg5 e3+ 41. Kf1 Kg8 42. Rdg7+ Kf8 43. Be7+ Nxe7 44. Rxg4 Rc1+ 45. Ke2 Rc2+ 46. Kd1 e2+ 47. Ke1 Nd5 48. Rgg7 Nc3 49. Rf7+ Ke8 50. Re7+ Kd8 51. Rd7+ 1/2-1/2

[Event "Navarra-chT Preferente"]
[Site "Navarra"]
[Date "2012.11.10"]
[Round "5.1"]
[White "Reinaldo Castineira, Roi"]
[Black "Sesma Rubio, Patxi"]
[Result "1-0"]
[WhiteElo "2469"]
[BlackElo "2140"]
[PlyCount "53"]
[EventDate "2012.10.13"]
[EventType "team"]
[EventRounds "7"]
[EventCountry "ESP"]
[SourceTitle "EXT 2014"]
[Source "ChessBase"]
[SourceDate "2013.11.20"]
[SourceVersion "1"]
[SourceVersionDate "2013.11.20"]
[SourceQuality "1"]
[WhiteTeam "San Juan"]
[BlackTeam "Santa Ana"]
[WhiteTeamCountry "ESP"]
[BlackTeamCountry "ESP"]

1. d4 d5 2. Bg5 c6 3. e3 Bf5 4. Nf3 Nf6 5. Bxf6 gxf6 6. Bd3 Bg6 7. Nc3 e6 8. Qe2 Nd7 9. 0-0 Bxd3 10. cxd3 Bd6 11. e4 Qe7 12. a3 Rg8 13. Rfe1 Kf8 14. Qe3 Rg6 15. Nh4 Rg5 16. f4 Rg4 17. Qh3 f5 18. Nf3 dxe4 19. dxe4 Rg7 20. exf5 Bxf4 21. fxe6 Nf6 22. Qf5 Bc7 23. exf7 Qxf7 24. Ng5 Bxh2+ 25. Kh1 Qg6 26. Ne6+ Kf7 27. Nxg7 1-0

[Event "Navarra-chT Preferente"]
[Site "Navarra"]
[Date "2012.11.03"]
[Round "4.1"]
[White "Sesma Rubio, Patxi"]
[Black "Muruzabal Samper, Jose Maria"]
[Result "1-0"]
[WhiteElo "2140"]
[BlackElo "2298"]
[PlyCount "81"]
[EventDate "2012.10.13"]
[EventType "team"]
[EventRounds "7"]
[EventCountry "ESP"]
[SourceTitle "EXT 2014"]
[Source "ChessBase"]
[SourceDate "2013.11.20"]
[SourceVersion "1"]
[SourceVersionDate "2013.11.20"]
[SourceQuality "1"]
[WhiteTeam "Santa Ana"]
[BlackTeam "Runa"]
[WhiteTeamCountry "ESP"]
[BlackTeamCountry "ESP"]

1. c4 Nf6 2. g3 e6 3. Bg2 c5 4. Nf3 Nc6 5. Nc3 d5 6. cxd5 exd5 7. d4 Be7 8. 0-0 0-0 9. dxc5 Bxc5 10. Na4 Be7 11. Be3 Be6 12. Rc1 Ne4 13. Nc5 Bxc5 14. Bxc5 Nxc5 15. Rxc5 Qb6 16. Qc1 Rac8 17. e3 Nb4 18. Rxc8 Rxc8 19. Qb1 Qc5 20. Nd4 Qc4 21. a3 Na6 22. Nf5 Bxf5 23. Qxf5 Rd8 24. Rd1 Nc7 25. Bf1 Qb3 26. Rc1 Ne6 27. Qc2 Qb6 28. Bh3 Ng5 29. Bg4 h5 30. Bxh5 g6 31. Bg4 f5 32. h4 Ne6 33. Bf3 d4 34. exd4 Rxd4 35. Re1 Rd6 36. Qc8+ Kg7 37. Qe8 Kf6 38. Qh8+ Kf7 39. h5 gxh5 40. Bxh5+ Ke7 41. Qe8+ 1-0

[Event "Navarra-chT Preferente"]
[Site "Navarra"]
[Date "2012.10.20"]
[Round "2.1"]
[White "Sesma Rubio, Patxi"]
[Black "Burguete Archel, Eduardo"]
[Result "1-0"]
[WhiteElo "2140"]
[BlackElo "2198"]
[PlyCount "87"]
[EventDate "2012.10.13"]
[EventType "team"]
[EventRounds "7"]
[EventCountry "ESP"]
[SourceTitle "EXT 2014"]
[Source "ChessBase"]
[SourceDate "2013.11.20"]
[SourceVersion "1"]
[SourceVersionDate "2013.11.20"]
[SourceQuality "1"]
[WhiteTeam "Santa Ana"]
[BlackTeam "Paz de Ziganda"]
[WhiteTeamCountry "ESP"]
[BlackTeamCountry "ESP"]

1. c4 g6 2. g3 Bg7 3. Bg2 e5 4. Nc3 Nc6 5. e4 Nge7 6. Nge2 0-0 7. d3 d6 8. 0-0 f5 9. Nd5 Nxd5 10. cxd5 Nb8 11. Be3 g5 12. exf5 Bxf5 13. Qd2 Qe8 14. Rac1 Na6 15. Nc3 h6 16. Ne4 Rc8 17. Qa5 Bd7 18. Rc3 Ra8 19. Rfc1 Bc8 20. b4 b6 21. Qa3 Qd7 22. Rc4 Bb7 23. h3 Kh8 24. g4 Rf7 25. Ng3 Raf8 26. Be4 Qb5 27. R1c2 Ba8 28. Nf5 Rxf5 29. gxf5 c6 30. dxc6 d5 31. Bxd5 Qxd5 32. Qxa6 Qxd3 33. b5 Qd1+ 34. Kg2 e4 35. Rd2 Qf3+ 36. Kg1 Qxh3 37. Rxe4 Qxf5 38. Qa4 a6 39. Bd4 axb5 40. Bxg7+ Kxg7 41. Rd7+ Kg6 42. Rd6+ Rf6 43. Rxf6+ Qxf6 44. Qxa8 1-0

[Event "Euskadi-chT (Vasca) Div 1st"]
[Site "Bergara"]
[Date "2011.02.19"]
[Round "7.2"]
[White "Sesma Rubio, Patxi"]
[Black "Ros Eskisabel, Jose Ramon"]
[Result "1-0"]
[WhiteElo "2126"]
[BlackElo "2132"]
[PlyCount "87"]
[EventDate "2011.01.08"]
[EventType "team-tourn"]
[EventRounds "9"]
[EventCountry "ESP"]
[SourceTitle "EXT 2024"]
[Source "ChessBase"]
[SourceDate "2023.10.10"]
[SourceVersion "1"]
[SourceVersionDate "2023.10.10"]
[SourceQuality "1"]

1. d4 d6 2. Nf3 Bg4 3. c4 Nd7 4. e4 e5 5. Be3 Be7 6. Nc3 Ngf6 7. Qd2 0-0 8. Be2 c6 9. Ng1 Re8 10. f3 exd4 11. Bxd4 Be6 12. Nh3 a6 13. Nf4 b5 14. Nxe6 fxe6 15. 0-0 Kh8 16. a4 bxc4 17. Bxc4 d5 18. exd5 exd5 19. Ba2 Rb8 20. Rfe1 Rb4 21. Kh1 Qb8 22. Re2 Bd6 23. Rxe8+ Qxe8 24. Re1 Qh5 25. h3 Qh4 26. Bf2 Qh5 27. Ne2 Rxa4 28. Bb1 Bb4 29. Nc3 Ra1 30. Qf4 Bf8 31. Kh2 c5 32. g4 Qf7 33. g5 d4 34. Ne4 Rxb1 35. Rxb1 Qa2 36. Nxf6 gxf6 37. Qf5 fxg5 38. Kg2 h6 39. Re1 Qa4 40. Re8 Kg7 41. Re6 Kg8 42. Rg6+ Bg7 43. Qd5+ Kh8 44. Qf7 1-0

[Event "Euskadi-chT (Vasca) Div 1st"]
[Site "Bergara"]
[Date "2011.02.12"]
[Round "6.3"]
[White "Valdezate Suarez, Fernando"]
[Black "Sesma Rubio, Patxi"]
[Result "0-1"]
[WhiteElo "1991"]
[BlackElo "2126"]
[PlyCount "92"]
[EventDate "2011.01.08"]
[EventType "team-tourn"]
[EventRounds "9"]
[EventCountry "ESP"]
[SourceTitle "EXT 2024"]
[Source "ChessBase"]
[SourceDate "2023.10.10"]
[SourceVersion "1"]
[SourceVersionDate "2023.10.10"]
[SourceQuality "1"]

1. d4 Nf6 2. c4 e6 3. Nc3 Bb4 4. a3 Bxc3+ 5. bxc3 0-0 6. e3 b6 7. Bd3 d6 8. Ne2 Nc6 9. e4 Ne8 10. 0-0 Ba6 11. Ng3 Na5 12. Qe2 Qd7 13. e5 f5 14. f4 d5 15. cxd5 Bxd3 16. Qxd3 Qxd5 17. Rb1 Nc4 18. Rb4 b5 19. a4 c6 20. axb5 cxb5 21. Nh5 g6 22. Ng3 Nc7 23. Qf3 Qxf3 24. Rxf3 a6 25. Nf1 Nd5 26. Rb1 Rfc8 27. Kf2 Ncb6 28. Bd2 Na4 29. Rb3 Rc6 30. Ng3 Rac8 31. Ne2 Rc4 32. h3 Nab6 33. g4 Ra4 34. gxf5 gxf5 35. Rb1 Kf7 36. Rg1 Rg8 37. Rfg3 Rxg3 38. Rxg3 Ra2 39. Ke1 Nc4 40. Bc1 a5 41. Rg5 h6 42. Rg3 a4 43. h4 a3 44. Bxa3 Rxa3 45. h5 Ra2 46. Kd1 Nde3+ 0-1

[Event "Zaragoza Casablanca op 3rd"]
[Site "Zaragoza"]
[Date "2009.12.29"]
[Round "5"]
[White "Sesma Rubio, Patxi"]
[Black "Antoli Royo, Joaquin Miguel"]
[Result "0-1"]
[WhiteElo "2128"]
[BlackElo "2390"]
[PlyCount "95"]
[EventDate "2009.12.26"]
[EventType "swiss"]
[EventRounds "9"]
[EventCountry "ESP"]
[SourceTitle "CBM 134 Extra"]
[Source "ChessBase"]
[SourceDate "2010.03.03"]
[SourceVersion "1"]
[SourceVersionDate "2010.03.03"]
[SourceQuality "1"]

1. d4 Nf6 2. c4 c5 3. d5 e5 4. Nc3 d6 5. e4 Be7 6. Nf3 Nbd7 7. Be2 Nf8 8. a3 Ng6 9. 0-0 0-0 10. b4 b6 11. Rb1 h6 12. bxc5 bxc5 13. Ne1 Nh7 14. Bg4 Bg5 15. Bxc8 Qxc8 16. Nc2 Bxc1 17. Qxc1 f5 18. exf5 Rxf5 19. Ne4 Rh5 20. Ng3 Rg5 21. Qb2 Nf4 22. Qb7 Qf8 23. Ne3 Rd8 24. Qxa7 Ra8 25. Qc7 Rc8 26. Qb7 Re8 27. Rb6 h5 28. Ne4 Rg6 29. Rxd6 Rxd6 30. Nxd6 Qxd6 31. Qxg7+ Kxg7 32. Nf5+ Kf8 33. Nxd6 Ra8 34. Ne4 Nd3 35. Rb1 Rxa3 36. Rb8+ Kg7 37. Rb7+ Kg6 38. Rb6+ Kf5 39. Ng3+ Kg5 40. h4+ Kxh4 41. Rh6 Ng5 42. Nxh5 Nf7 43. Rh7 Kg5 44. Rxf7 Kxh5 45. d6 Ra6 46. Rd7 Kg6 47. Kf1 Nf4 48. g3 0-1

[Event "ESP-chT Autonomicas 4th"]
[Site "Villava"]
[Date "2009.05.02"]
[Round "4"]
[White "Cacho Reigadas, Sergio"]
[Black "Sesma Rubio, Patxi"]
[Result "0-1"]
[WhiteElo "2469"]
[BlackElo "2080"]
[PlyCount "66"]
[EventDate "2009.04.30"]
[EventType "team-tourn"]
[EventRounds "6"]
[EventCountry "ESP"]
[SourceTitle "CBM 130 Extra"]
[Source "ChessBase"]
[SourceDate "2009.07.02"]
[SourceVersion "2"]
[SourceVersionDate "2009.07.15"]
[SourceQuality "1"]

1. Nf3 d5 2. d4 c5 3. g3 cxd4 4. Nxd4 e5 5. Nb3 Nc6 6. Bg2 Be6 7. 0-0 h6 8. f4 e4 9. Be3 Nf6 10. c3 Bd6 11. Bd4 Nxd4 12. cxd4 Qd7 13. Nc3 Rc8 14. Rc1 0-0 15. Na1 b5 16. Qd2 b4 17. Nd1 Rxc1 18. Qxc1 Qa4 19. Qb1 Qb5 20. Re1 Bg4 21. Bf1 Rc8 22. Ne3 a5 23. Nxg4 Nxg4 24. e3 Qc6 25. Qd1 Nf6 26. g4 g5 27. fxg5 hxg5 28. Be2 Qc7 29. Rf1 Bxh2+ 30. Kh1 Kg7 31. Rxf6 Kxf6 32. Qf1+ Kg7 33. Qf5 Rh8 0-1

[Event "ESP-chT Autonomicas 4th"]
[Site "Villava"]
[Date "2009.05.01"]
[Round "3"]
[White "Sesma Rubio, Patxi"]
[Black "Mascaro March, Pedro"]
[Result "0-1"]
[WhiteElo "2080"]
[BlackElo "2367"]
[PlyCount "70"]
[EventDate "2009.04.30"]
[EventType "team-tourn"]
[EventRounds "6"]
[EventCountry "ESP"]
[SourceTitle "CBM 130 Extra"]
[Source "ChessBase"]
[SourceDate "2009.07.02"]
[SourceVersion "2"]
[SourceVersionDate "2009.07.15"]
[SourceQuality "1"]

1. d4 Nf6 2. c4 e6 3. Nc3 Bb4 4. f3 d5 5. a3 Bxc3+ 6. bxc3 c5 7. cxd5 exd5 8. e3 Qc7 9. Bd2 Bf5 10. Ne2 h5 11. c4 dxc4 12. e4 Bd7 13. d5 Bb5 14. Bc3 Nbd7 15. d6 Qc6 16. Nf4 0-0-0 17. a4 Ba6 18. g3 Rhe8 19. Kf2 g5 20. Nd5 Nxd5 21. Qxd5 Qxd5 22. exd5 Nb6 23. Bh3+ Kb8 24. Rae1 Rxe1 25. Rxe1 Nxd5 26. Be5 f6 27. Rd1 fxe5 28. Rxd5 b6 29. d7 c3 30. Bf5 Bb7 31. Rxe5 Bc6 32. a5 Bxd7 33. axb6 Bxf5 34. bxa7+ Kxa7 35. Rxf5 Kb6 0-1

[Event "Alfaro op 13th"]
[Site "Alfaro"]
[Date "2007.03.09"]
[Round "5"]
[White "Sesma Rubio, Patxi"]
[Black "Glavina, Pablo"]
[Result "0-1"]
[WhiteElo "2051"]
[BlackElo "2418"]
[PlyCount "56"]
[EventDate "2007.02.09"]
[EventType "swiss"]
[EventRounds "9"]
[EventCountry "ESP"]
[SourceTitle "EXT 2008"]
[Source "ChessBase"]
[SourceDate "2007.11.25"]
[SourceVersion "1"]
[SourceVersionDate "2007.11.25"]
[SourceQuality "1"]

1. d4 d5 2. c4 e6 3. Nc3 c5 4. cxd5 cxd4 5. Qxd4 Nc6 6. Qd1 exd5 7. Qxd5 Bd7 8. Nf3 Nf6 9. Qd1 Bc5 10. e3 Qe7 11. Be2 g5 12. 0-0 g4 13. Nd4 0-0-0 14. b4 Bxb4 15. Bb2 Kb8 16. a3 Bd6 17. Ncb5 Be5 18. Qc2 Rc8 19. Qb3 h5 20. Rab1 Ne4 21. Rfd1 Bxh2+ 22. Kxh2 Qh4+ 23. Kg1 Qxf2+ 24. Kh1 h4 25. Nxc6+ Bxc6 26. Be5+ Ka8 27. Nc7+ Rxc7 28. Rg1 h3 0-1